[Event "Pocos de Caldas op"]
[Site "Pocos de Caldas"]
[Date "2015.03.13"]
[Round "2"]
[White "Lage, Pedro Ferreira"]
[Black "Pais, Jackson Lenon Da Si"]
[Result "1-0"]
[WhiteElo "1798"]
[BlackElo "1800"]
[PlyCount "59"]
[EventDate "2015.03.13"]
[EventType "swiss"]
[EventRounds "6"]
[EventCountry "BRA"]
[SourceTitle "CBM 165 Extra"]
[Source "ChessBase"]
[SourceDate "2015.04.21"]
[SourceVersion "1"]
[SourceVersionDate "2015.04.21"]
[SourceQuality "1"]

1. Nf3 Nf6 2. c4 Nc6 3. d4 e6 4. Nc3 d5 5. Bf4 Bd6 6. Bxd6 cxd6 7. cxd5 Nxd5 8. Nxd5 exd5 9. e3 Qa5+ 10. Nd2 Bf5 11. a3 0-0 12. Be2 Rfe8 13. 0-0 Rac8 14. b4 Qd8 15. Re1 Qg5 16. Nf3 Qg6 17. Nh4 Qf6 18. Nxf5 Qxf5 19. Bg4 Qe4 20. Bxc8 Rxc8 21. Rc1 Re8 22. Qf3 Qd3 23. Qxd5 Qxa3 24. b5 Ne7 25. Qxb7 h6 26. Rc7 d5 27. Qxa7 Qb4 28. Ra1 Nf5 29. Rxf7 Nxd4 30. Rxg7+ 1-0

[Event "Pocos de Caldas op"]
[Site "Pocos de Caldas"]
[Date "2015.03.13"]
[Round "1"]
[White "Pais, Jackson Lenon Da Si"]
[Black "Alboredo, Julia"]
[Result "0-1"]
[WhiteElo "1800"]
[BlackElo "2018"]
[PlyCount "46"]
[EventDate "2015.03.13"]
[EventType "swiss"]
[EventRounds "6"]
[EventCountry "BRA"]
[SourceTitle "CBM 165 Extra"]
[Source "ChessBase"]
[SourceDate "2015.04.21"]
[SourceVersion "1"]
[SourceVersionDate "2015.04.21"]
[SourceQuality "1"]

1. e4 c5 2. Nf3 Nc6 3. b3 d6 4. d3 e5 5. Bb2 Nf6 6. h3 Be7 7. Be2 0-0 8. 0-0 Ne8 9. Nbd2 f5 10. Nc4 f4 11. Nh2 Be6 12. Bg4 Bf7 13. g3 g5 14. Bh5 Bxh5 15. Qxh5 Ng7 16. Qd1 Rf6 17. Ng4 Rg6 18. Qf3 b5 19. Nd2 Qd7 20. Kg2 Rf8 21. Nh2 fxg3 22. Qxg3 Ne6 23. Qg4 h5 0-1